000 01288nam a2200301 a 4500
001 loversknot00burn
003 CaSfIA
005 20210118165638.0
007 cr||||
008 891109s1985 caua 00110 eng
010 _a 89125849
035 _a(DLC) 89125849
040 _aBIBLIOS
_dCaSfIA
050 0 _aTT835
_b.B8595 1985
082 0 _a746.9/7
_220
100 1 0 _aBurns, Eleanor.
245 1 0 _aLover's knot /
_h[electronic resource]
_cEleanor Burns.
250 _a3rd ed.
260 0 _aSan Marcos, CA (1955 Diamond St., Unit A, San Marcos 92069) :
_bQuilt in a Day,
_cc1985.
300 _a59 p. :
_bill. (some col.) ;
_c28 cm.
650 0 _aMachine quilting
_xPatterns.
650 0 _aPatchwork
_xPatterns.
856 4 1 _uhttp://www.archive.org/details/loversknot00burn
_zFree eBook from the Internet Archive
856 4 2 _uhttp://www.openlibrary.org/books/OL2249771M
_zAdditional information and access via Open Library
942 _cEB
506 _fНеобхідна авторизація на https://archive.org/ (створення облікового запису безкоштовно)
506 _fНеобхідна авторизація на https://openlibrary.org/ (створення облікового запису безкоштовно)
999 _c521022
_d521022